| 000 | 01422nam a22003970a 4500 | ||
|---|---|---|---|
| 001 | PT12728 | ||
| 003 | AR-LpoUNG | ||
| 005 | 20210131232520.0 | ||
| 008 | 191001s1995||||ag |||||||||||||||||spa d | ||
| 020 |
_a9505062443 _c$5 |
||
| 040 |
_aAR-LpoUNG _bspa _cAR-LpoUNG _eaacr |
||
| 041 | _aspa | ||
| 044 | _aag | ||
| 082 | 0 | _a410 258se | |
| 100 | 1 | _aParret, Herman | |
| 245 | 1 | 0 |
_aDe la semiótica a la estética : _benunciación, sensación, pasiones |
| 250 | _a1º edición | ||
| 260 |
_aBuenos Aires : _bEdicial, _cmayo de 1995. |
||
| 300 |
_a194 p. : _btbls., gráfs. |
||
| 505 | 0 | _aLa fecha que aparece en los campos fecha de publicación y fecha normalizada corresponde a la fecha de impresión de este documento. | |
| 520 | _aLos capítulos de este texto sugieren algunas perspectivas de la estetización de la semiótica, sin formular las limitaciones epistemológicas que deberían guiar una ampliación. | ||
| 650 | 4 | _aLINGÜISTICA | |
| 650 | 4 | _aSEMANTICA | |
| 651 | 4 | _aDOCUMENTOS TEORICOS O METODOLOGICOS | |
| 700 | 1 |
_aAndacht, Fernando _etr. |
|
| 700 | 1 |
_aAvella, Martha _etr. |
|
| 700 | 1 |
_aAyllon, Mercedes _etr. |
|
| 700 | 1 |
_aBattista, María Valeria _etr. |
|
| 700 | 1 |
_aBlanco, Desiderio _etr. |
|
| 700 | 1 |
_aBoulet, Michel _etr. |
|
| 700 | 1 |
_aCasanovas i Romeu, Romeu _etr. |
|
| 700 | 1 |
_aTomeo, Ana María _etr. |
|
| 700 | 1 |
_aVilches, Lorenzo _etr. |
|
| 905 | _a12728 | ||
| 942 | _cLIB | ||
| 999 |
_c16016 _d16016 |
||